Hayyam rubâîlerini Türkçe söyleyiş. (Record no. 50402)
[ view plain ]
| 000 -LEADER | |
|---|---|
| fixed length control field | 00850cam a22002651 4500 |
| 001 - CONTROL NUMBER | |
| control field | ne 68001962 |
| 003 - CONTROL NUMBER IDENTIFIER | |
| control field | DLC |
| 005 - DATE AND TIME OF LATEST TRANSACTION | |
| control field | 20260227111842.0 |
| 008 - FIXED-LENGTH DATA ELEMENTS--GENERAL INFORMATION | |
| fixed length control field | 791221s1963 tu 000 0 tur |
| 010 ## - LIBRARY OF CONGRESS CONTROL NUMBER | |
| LC control number | ne 68001962 |
| 035 ## - SYSTEM CONTROL NUMBER | |
| System control number | (OCoLC)5818701 |
| 040 ## - CATALOGING SOURCE | |
| Original cataloging agency | DLC |
| Transcribing agency | AzU |
| Modifying agency | AzU |
| -- | DLC |
| 042 ## - AUTHENTICATION CODE | |
| Authentication code | premarc |
| 050 00 - LIBRARY OF CONGRESS CALL NUMBER | |
| Classification number | PL248.B48 |
| Item number | Z89 no. 6 |
| 100 0# - MAIN ENTRY--PERSONAL NAME | |
| Personal name | Omar Khayyam. |
| 245 10 - TITLE STATEMENT | |
| Title | Hayyam rubâîlerini Türkçe söyleyiş. |
| 260 ## - PUBLICATION, DISTRIBUTION, ETC. | |
| Place of publication, distribution, etc. | [Derleyen] |
| Name of publisher, distributor, etc. | Yahya Kemal. |
| Place of publication, distribution, etc. | [İstanbul, |
| Name of publisher, distributor, etc. | Yahya Kemal Enstitüsü] |
| Date of publication, distribution, etc. | 1963. |
| 300 ## - PHYSICAL DESCRIPTION | |
| Extent | 60 p. |
| Dimensions | 20 cm. |
| 490 0# - SERIES STATEMENT | |
| Series statement | Yahya Kemal külliyatı, |
| Volume/sequential designation | 4 |
| 440 #0 - SERIES STATEMENT/ADDED ENTRY--TITLE | |
| Title | Yahya Kemal Enstitüsü yayımları, |
| Volume/sequential designation | 7 |
| 490 0# - SERIES STATEMENT | |
| Series statement | Istanbul Fetih Cemiyeti neşriyatı, |
| Volume/sequential designation | 51 |
| 500 ## - GENERAL NOTE | |
| General note | Persian and Turkish. |
| 500 ## - GENERAL NOTE | |
| General note | Bound with Yahya Kemal. Rubâiler. [İstanbul] l963. |
| 700 0# - ADDED ENTRY--PERSONAL NAME | |
| Personal name | Yahya Kemal, |
| Dates associated with a name | 1884-1958 |
| Relator term | ed. |
No items available.